000 02180nam a22002777a 4500
003 NALT
005 20230923181733.0
008 230205b th ||||| |||| 00| 0 tha d
020 _a9786117232022
040 _aNALT
041 _atha
050 _aDS 560.72.H6
_bศ666ฮ 2552
100 0 _aศุขปรีดา พนมยงค์
_916443
245 1 0 _aโฮจิมินห์ เทพเจ้าผู้ยังมีลมหายใจ /
_cศุขปรีดา พนมยงค์.
246 1 4 _aโฮจิมินห์ เทพเจ้าผู้ยังมีลมหายใจ ชีวประวัติผู้นำการต่อสู้กู้เอกราชเวียดนาม.
250 _aพิมพ์ครั้งที่ 3.
260 _aกรุงเทพฯ :
_bมิ่งมิตร,
_c2552.
300 _a191 หน้า :
_bภาพประกอบ ;
_c21 ซม.
505 0 _a"ลุงโฮ" -- สู่โลกกว้าง -- เหวียนอ๋ายก๊วก (NGUYEN AI QUOC) -- สหภาพโซเวียต -- การเคลื่อนไหวในสยาม -- ในดินแดนฮ่องกง -- เตรียมการ -- กลับสู่ปิตุภูมิ -- ก่อนรุ่งอรุณ -- อภิวัฒน์สิงหาคม -- รัฐนาวาฝ่ามรสุม -- ไทยสมัยสงครามกู้ชาติเวียตนาม -- เดียนเบียนฟู -- ไมตรีจิตมิตรภาพ -- ไม่มีสิ่งใดล้ำค่าเกินกว่า เอกราช เสรีภาพ -- เวียดนาม-หนึ่งเดียว.
600 1 4 _953961
_aโฮจิมิน
_xชีวประวัติ
651 4 _915495
_aเวียดนาม
_xประวัติศาสตร์
651 4 _914813
_aเวียดนาม
_xการเมืองและการปกครอง
850 _aNALT
942 _cGB
_2lcc
996 _aphornvitoo
_bCATSTF
_c2023-09-23
999 _c101378
_d101378
998 _j3099
_k พรวิทู โค้วคชาภรณ์